000 00520nam a22001697a 4500
005 20230419040652.0
008 221104b |||||||| |||| 00| 0 eng d
020 _a978-1-108-73780-7
082 _a425 F862 2020
100 _aFreidin, Robert
245 _aAdventure in English syntax /
_cRobert Freidin
260 _aCambridge, UK:
_bCambridge University Press,
_cc2020.
300 _axiii, 202p.:
_bill.
504 _aIncludes bibliographical references and index
541 _e6683
650 _aEnglish language - Syntax
999 _c117
_d117